00522nas a22001817a 4500008004100000022001400041245005100055260005500106300000900161310001200170546002300182590002700205590002500232650002700257856002900284942001200313999001500325120627t20019999ag ||||| |||| 00| 0 spa d a1666-3209 aAnnals of Internal Medicine (Ed. en español) aCórdoba :bDivulgaciones Científicas SA,c2001 av. : amensual aTexto en español aExistencias: 2001 1(1) aIndexada en Latindex aMEDICINA INTERNA91738 uhttp://www.annals.com.ar 2ddccCR c1052d1052